000 00771nam a2200265Ia 4500
003 OSt
005 20220928113641.0
006 a|||||r|||| 00| 0
007 ta
008 220927b |||||||| |||| 00| 0 eng d
024 _a66373
037 _cTextual
040 _aSDCL
_cSDCL
_beng
041 _2eng
_aeng
082 _aX:(B), P5
100 _aBurke Simon P
_9434245
245 0 _aModelling non-stationary economic time series
_bA multivariate approach
260 _aNew York
_b Palgrave Macmillan
_c2005
300 _avii,253p
_ccm.
490 _aPalgrave texts in econometrics
650 _aEconometrics
_9434246
700 _a Hunter John
_9434247
942 _hX:(B), P5
_cTEXL
_2CC
999 _c750606
_d750606